Word Ladder: Meghan Trainor Song Quiz Stats

Quiz Updated May 26, 2016

Challenge
Share
Tweet
Embed
Score 0/21 Timer 02:00
2 Plays Today
Clue 4-Letter Word % Correct
'___'_ Well That Ends Well'ALL'S
96%
What a drummer keeps
and a dancer moves to
BEAT
95.2%
It sticks things togetherGLUE
93.5%
Waterborne vesselBOAT
92.9%
Pub offeringsALES
91.7%
What a baby sucklesTEAT
90.8%
● The thing over there ●THAT
90.6%
Highest pointPEAK
89%
What trees have and dogs doBARK
88.9%
A job's extra benefitPERK
88.2%
● Boxing match ●BOUT
87.2%
Clue 4-Letter Word % Correct
Something you might do to a carPARK
86.8%
A type of arthritis, often in the toeGOUT
85.3%
OverabundanceGLUT
83.2%
Mossy combustible turfPEAT
82.8%
Lie out in the sunBASK
81.2%
Attractive (in '90s slang)PHAT
81.1%
● In music, the lower part of a chord
(Meghan says the boys like it) ●
BASS
80.1%
TV show that covered Meghan's songGLEE
79.4%
Toward the non-windy sideALEE
76.9%
● Italian for 'in the style of'; used in some musical and cooking terms ●ALLA
63.1%

Today's Daily Dose

Word Ladder
KISS Hit

On This Day
January 22nd

You're not logged in!

Compare scores with friends on all Sporcle quizzes.
Sign Up with Email
OR
Log In

You Might Also Like...

Show Comments

Extras

Top Quizzes Today


Score Distribution

Your Account Isn't Verified!

In order to create a playlist on Sporcle, you need to verify the email address you used during registration. Go to your Sporcle Settings to finish the process.